000 00695nam a22001937a 4500
999 _c15833
_d15833
003 MIRAKIL
005 20240328123637.0
008 240328b tu ||||| |||| 00| 0 tur d
020 _a9789751627940
040 _aTR-AnCHP
_cTR-AnCHP
041 _atur
082 _a413.9159
_bK96 2014
245 1 0 _aKürtçe-Türkçe, Türkçe- Kürtçe sözlük =
_bKurdî-Tirkî, Tirkî-Kurdî ferheng /
_c[hazırlayanlar]: Fevzi Karademir ...[ve başkaları].
260 _aAnkara :
_bTürk Dil Kurumu,
_c2014.
300 _a636 s. ;
_c20 cm.
650 0 _97920
_aKürtçe-Türkçe sözlük
856 _zDijital Nüshası için Partimizin Kütüphane Sorumlusu ile iletişime geçiniz.
942 _2ddc
_cBKS